<?xml version="1.0" encoding="UTF-8"?><?xml-stylesheet type="text/xsl" href="static/style.xsl"?><OAI-PMH xmlns="http://www.openarchives.org/OAI/2.0/" xmlns:xsi="http://www.w3.org/2001/XMLSchema-instance" xsi:schemaLocation="http://www.openarchives.org/OAI/2.0/ http://www.openarchives.org/OAI/2.0/OAI-PMH.xsd"><responseDate>2026-06-29T16:40:28Z</responseDate><request verb="GetRecord" identifier="oai:docta.ucm.es:20.500.14352/66109" metadataPrefix="marc">https://docta.ucm.es/rest/oai/request</request><GetRecord><record><header><identifier>oai:docta.ucm.es:20.500.14352/66109</identifier><datestamp>2023-07-13T05:23:12Z</datestamp><setSpec>com_20.500.14352_1</setSpec><setSpec>col_20.500.14352_8</setSpec></header><metadata><record xmlns="http://www.loc.gov/MARC21/slim" xmlns:dcterms="http://purl.org/dc/terms/" xmlns:xsi="http://www.w3.org/2001/XMLSchema-instance" xmlns:doc="http://www.lyncode.com/xoai" xsi:schemaLocation="http://www.loc.gov/MARC21/slim http://www.loc.gov/standards/marcxml/schema/MARC21slim.xsd">
   <leader>00925njm 22002777a 4500</leader>
   <datafield ind2=" " ind1=" " tag="042">
      <subfield code="a">dc</subfield>
   </datafield>
   <datafield ind2=" " ind1=" " tag="720">
      <subfield code="a">Aguirre Landeras, Elvira</subfield>
      <subfield code="e">author</subfield>
   </datafield>
   <datafield ind2=" " ind1=" " tag="720">
      <subfield code="a">Ballester de Pedro, Sandra</subfield>
      <subfield code="e">author</subfield>
   </datafield>
   <datafield ind2=" " ind1=" " tag="720">
      <subfield code="a">Pardo García, Soledad</subfield>
      <subfield code="e">author</subfield>
   </datafield>
   <datafield ind2=" " ind1=" " tag="260">
      <subfield code="c">2015-06</subfield>
   </datafield>
   <datafield ind2=" " ind1=" " tag="520">
      <subfield code="a">Introducción: La hemoglobinuria paroxística nocturna (HPN) es una enfermedad clonal adquirida causada por una mutación en el gen GPI-A. El eculizumab es el único tratamiento eficaz en HPN clásica y con un elevado coste.
Objetivos: Revisión bibliográfica de HPN y estudio de utilización del eculizumab en los pacientes del Hospital Universitario Puerta de Hierro.
Material y métodos: Se realiza una revisión bibliográfica consultando las bases de datos Medline, PubMed, Scielo y la editorial Elsevier; y se estudian las historias clínicas de los pacientes en tratamiento con eculizumab. El análisis estadístico se realiza con Microsoft Office Excel 2015.
Resultados y discusión: La HPN está caracterizada por tromboembolismo y hemólisis mediada por complemento. El eculizumab es un anticuerpo monoclonal dirigido contra la
fracción C5 de éste. Este tratamiento, evaluado en 8pacientes, ha conseguido independencia transfusional en el 25% de los casos y disminución de los requerimientos transfusionales en el resto de los pacientes. También desaparición de los síntomas de distonía de músculo liso en todos ellos. El fármaco es seguro y bien tolerado, de acuerdo a lo descrito en estudios anteriores, sin efectos secundarios significativos salvo el riesgo de infección meningocócica.
Conclusión: La HPN es una enfermedad rara, su tratamiento con eculizumab tiene un elevado coste, y por ello se han determinado unos criterios de inclusión muy estrictos. En los pacientes analizados el eculizumab es eficaz en la mejora de la calidad de vida y de la hemólisis, sin embargo la hemoglobina únicamente presenta un ligero ascenso.</subfield>
   </datafield>
   <datafield ind1="8" ind2=" " tag="024">
      <subfield code="a">https://hdl.handle.net/20.500.14352/66109</subfield>
   </datafield>
   <datafield ind2="0" ind1="0" tag="245">
      <subfield code="a">Tratamiento de la hemoglobinuria paroxística nocturna: revisión bibliográfica y estudio de utilización del Eculizumab.</subfield>
   </datafield>
</record></metadata></record></GetRecord></OAI-PMH>